[Event "6th Augusta Aragon Open"]
[Site "Zaragoza ESP"]
[Date "2012.12.27"]
[Round "6.4"]
[White "Ramiro Ovejero,J"]
[Black "Granda Zuniga,J"]
[Result "1/2-1/2"]
[WhiteElo "2362"]
[BlackElo "2641"]

1.e4 c5 2.Nf3 e6 3.d3 Nc6 4.g3 Bd6 5.Bg2 Nge7 6.O-O Bc7 7.Be3 b6 8.d4 cxd4
9.Nxd4 Ba6 10.Re1 O-O 11.Nxc6 dxc6 12.Qh5 c5 13.Nc3 Nc6 14.Rad1 Qe8 15.f4 Rd8
16.e5 Nd4 17.Qh3 h6 18.Ne4 Qa4 19.b3 Ne2+ 20.Rxe2 Rxd1+ 21.Kf2 Qa5 22.c4 Rfd8
23.f5 Bxe5 24.fxe6 Rf8 25.Bf3 Bb7 26.Qf5 Bxe4 27.Qxe4 Qc3 28.e7 Re8 29.Qc6 Rxe7
30.Qc8+ Kh7 31.Be4+ g6 32.Qf8 Bxg3+ 33.hxg3 Rxe4 34.Qxf7+ Qg7 35.Qxg7+ Kxg7
36.Bxh6+ Kxh6 37.Rxe4 Rd2+ 38.Re2 Rxe2+ 39.Kxe2 Kg5 40.Kf3 Kf5 41.a3 a6 42.Ke3 Kg4
43.Kf2 a5 44.Kg2 Kg5 45.Kf2 Kf6 46.Ke2 Ke6 47.Kf2 Kf6 48.Ke2 Ke5 49.Ke3 Kf5
50.Kf3 Ke5 51.Ke3 Kf5 52.Kf3  1/2-1/2

[Event "XXIV Roquetas Open"]
[Site "Roquetas de Mar ESP"]
[Date "2013.01.02"]
[Round "1.1"]
[White "Granda Zuniga,J"]
[Black "Gutierrez Valero,M"]
[Result "1-0"]
[WhiteElo "2636"]
[BlackElo "2131"]

1.d4 Nf6 2.c4 g6 3.Nc3 Bg7 4.e4 d6 5.f3 O-O 6.Be3 c5 7.Nge2 Nc6 8.d5 Ne5
9.Nc1 e6 10.Be2 exd5 11.cxd5 a6 12.a4 Rb8 13.O-O Re8 14.Rf2 h6 15.Ra3 g5
16.Qc2 Bd7 17.a5 Nh5 18.g3 Qe7 19.Bd2 Rf8 20.Qd1 Nf6 21.g4 Ne8 22.Bf1 Nc7
23.Rb3 c4 24.Rb4 b5 25.h3 Rfc8 26.Nb1 Ne8 27.Na3 Nf6 28.Nc2 Nh7 29.Ne3 Nf8
30.Nf5 Bxf5 31.gxf5 Nfd7 32.b3 c3 33.Be3 Qd8 34.Ra2 c2 35.Qe2 Rc3 36.Bg2 Rcc8
37.Rd4 Kh7 38.Rd2 Nc5 39.Rdxc2 Bf6 40.Bf1 Qd7 41.Kg2 Kg7 42.Qd1 Ra8 43.b4 Na4
44.Bd4 Rxc2+ 45.Rxc2 Rc8 46.Nb3 Rxc2+ 47.Qxc2 Qd8 48.Be2 Nd7 49.Be3 Qe7 50.Nd4 Ne5
51.Qc8 Nb2 52.Nc6 Nxc6 53.dxc6 Qe5 54.c7 Qc3 55.Bf2  1-0

[Event "XXIV Roquetas Open"]
[Site "Roquetas de Mar ESP"]
[Date "2013.01.03"]
[Round "2.1"]
[White "Gavilan Diaz,M"]
[Black "Granda Zuniga,J"]
[Result "1-0"]
[WhiteElo "2255"]
[BlackElo "2636"]

1.d4 Nf6 2.c4 e6 3.Nc3 Bb4 4.Qc2 O-O 5.e4 d5 6.e5 Ne4 7.Bd3 c5 8.Ne2 cxd4
9.Nxd4 Nd7 10.Bf4 Ndc5 11.O-O Bxc3 12.bxc3 Bd7 13.Be2 Na4 14.cxd5 exd5 15.c4 Rc8
16.Qb3 Nac3 17.cxd5 Ba4 18.Qxb7 Nxd5 19.Be3 Rc7 20.Qa6 Nec3 21.e6 Qe8 22.Bg4 fxe6
23.Bxe6+ Kh8 24.Rfe1 Qg6 25.Qa5 Nb6 26.Rac1 Bc6 27.Bh3 Ncd5 28.Ne6  1-0

[Event "XXIV Roquetas Open"]
[Site "Roquetas de Mar ESP"]
[Date "2013.01.04"]
[Round "5.7"]
[White "Gonzalez Diaz,J"]
[Black "Granda Zuniga,J"]
[Result "0-1"]
[WhiteElo "2245"]
[BlackElo "2636"]

1.c4 c5 2.Nf3 Nc6 3.g3 g6 4.Bg2 Bg7 5.Nc3 e5 6.O-O Nge7 7.a3 O-O 8.b4 d5
9.cxd5 Nxd5 10.Bb2 e4 11.Ne1 cxb4 12.axb4 Bg4 13.Nxd5 Bxb2 14.Rb1 Qxd5 15.Rxb2 Qe5
16.Rb3 Qb5 17.Re3 Nd4 18.f3 exf3 19.Nxf3 Bxf3 20.Bxf3 Qxb4 21.Bg2 Rad8 22.Re4 f5
23.Re5 Qd6 24.Rd5 Qe6 25.Rxd8 Rxd8 26.Re1 Nb3 27.d3 Nc5 28.Qd2 b6 29.Bf3 a5
30.Rb1 Rd6 31.Qf4 Kg7 32.h4 h5 33.d4 Ne4 34.Rb5 Rxd4 35.Qc7+ Rd7 36.Qb8 Qd6
37.Qxb6 Qxg3+  0-1

[Event "XXIV Roquetas Open"]
[Site "Roquetas de Mar ESP"]
[Date "2013.01.05"]
[Round "6.3"]
[White "Roy Chowdhury,S"]
[Black "Granda Zuniga,J"]
[Result "1/2-1/2"]
[WhiteElo "2451"]
[BlackElo "2636"]

1.e4 c5 2.Nf3 e6 3.Qe2 b6 4.g3 Ba6 5.d3 Nc6 6.Bg2 g6 7.h4 h6 8.a4 Bg7 9.O-O Nge7
10.c3 O-O 11.Na3 Kh7 12.Nb5 d6 13.Rd1 Qd7 14.d4 cxd4 15.cxd4 d5 16.e5 Na5
17.Bf4 Rfc8 18.Bf1 h5 19.Bd2 Nf5 20.Bxa5 bxa5 21.Qd2 Qd8 22.Ng5+ Kg8 23.Nd6 Nxd6
24.Bxa6 Nc4 25.Qf4 Rc7 26.b3 Nb6 27.Rac1 Rb8 28.Rxc7 Qxc7 29.Rc1 Qe7 30.Rc6 Bh6
31.Qc1 Qb4 32.Qc3 Qxc3 33.Rxc3 Na8 34.Bb5 Kg7 35.Rc6 Rb7 36.Rc8 Nb6 37.Rc5 Nd7
38.Bxd7 Rxd7 39.Rxa5 Rb7 40.Rb5 Rxb5 41.axb5 Kf8 42.Kf1 Ke8 43.Ke2 Bf8 44.Ke3 Be7
45.f3 Bd8 46.Nh7 Ba5 47.g4 Be1 48.gxh5 gxh5 49.Nf6+ Kd8 50.Nxh5 Bxh4 51.Kd3 Kc7
52.Ng7 Kb6 53.Ne8 Kxb5 54.Nd6+ Kb4 55.Nxf7 Kxb3 56.f4 a5 57.Ng5 a4 58.Nxe6 Be7
59.Nc5+ Bxc5 60.dxc5 a3 61.c6 a2 62.c7 a1=Q 63.c8=Q Qd1+ 64.Ke3 d4+ 65.Ke4 d3
66.Kd4 d2 67.Qc3+ Ka4 68.Kd3 Qf3+ 69.Kxd2 Qxf4+ 70.Qe3 Qb4+ 71.Ke2 Kb5 72.Qd3+ Kc6
73.Kf3 Qf8+ 74.Ke4 Qb4+ 75.Kf3 Qf8+ 76.Ke4 Qb4+ 77.Ke3 Qe1+ 78.Kf4 Qh4+  1/2-1/2

[Event "XXIV Roquetas Open"]
[Site "Roquetas de Mar ESP"]
[Date "2013.01.05"]
[Round "7.3"]
[White "Granda Zuniga,J"]
[Black "Cuenca Jimenez,J"]
[Result "1-0"]
[WhiteElo "2636"]
[BlackElo "2479"]

1.Nf3 Nf6 2.g3 g6 3.Bg2 Bg7 4.d4 O-O 5.O-O d5 6.c4 dxc4 7.Na3 Nc6 8.Nxc4 Be6
9.b3 Bd5 10.Bb2 a5 11.a4 Qb8 12.Na3 Rd8 13.e3 Nb4 14.Rc1 Na2 15.Rc5 c6 16.Qb1 Nb4
17.Nd2 Nd7 18.Rcc1 Bxg2 19.Kxg2 e5 20.Nf3 exd4 21.Bxd4 Bxd4 22.exd4 Re8 23.Nc4 b5
24.Nce5 Qd6 25.h4 Qd5 26.Rfd1 bxa4 27.bxa4 Rab8 28.Rd2 Re6 29.Rc3 Rbe8 30.h5 Nf6
31.hxg6 hxg6 32.Rc5 Qe4 33.Qd1 Nfd5 34.Re2 Qf5 35.Nh4 Qh5 36.Rd2 Qg5 37.Nhf3 Qf5
38.Rxa5 f6 39.Nh4 Qg5 40.Nc4 Re4 41.Nf3 Qg4 42.Ng1 Nf4+ 43.Kh1 Qe6 44.Qb3 Re1
45.gxf4 Qe4+ 46.Kh2 Nd5 47.Qg3 Nxf4 48.Nd6 Qe7 49.Nxe8 Qh7+ 50.Nh3  1-0

[Event "XXIV Roquetas Open"]
[Site "Roquetas de Mar ESP"]
[Date "2013.01.06"]
[Round "8.1"]
[White "Granda Zuniga,J"]
[Black "Ibarra Jerez,JC"]
[Result "1/2-1/2"]
[WhiteElo "2636"]
[BlackElo "2538"]

1.g3 e5 2.c4 Nf6 3.Bg2 h6 4.Nc3 Bb4 5.e4 Nc6 6.Nge2 Bc5 7.Na4 d6 8.d3 a6
9.Nxc5 dxc5 10.Nc3 Nd4 11.h3 Qd6 12.Be3 b6 13.f4 Nd7 14.Qd2 Bb7 15.O-O-O O-O-O
16.Rhf1 f6 17.f5 b5 18.Bg1 Nb6 19.b3 Kb8 20.g4 Rd7 21.h4 Rhd8 22.Qe3 c6 23.Rf2 a5
24.Rb2 Ba6 25.Rdd2 Ka7 26.Bf1 Rb8 27.Rg2 Ka8 28.Rb1 Ra7 29.Rgb2 Rab7 30.a4 Nd7
31.axb5 cxb5 32.Qf2 bxc4 33.bxc4 Nb3+ 34.Kc2 Nd4+ 35.Kd1 Rxb2 36.Rxb2 Rxb2
37.Qxb2 Nf3 38.Bf2 Bxc4 39.Nb5 Bxb5 40.Qxb5 Nd4 41.Qxa5+ Kb7 42.Be1 Nb6 43.Qa2 Qd7
44.Bd2 Qb5 45.g5 hxg5 46.hxg5 Nb3 47.gxf6 gxf6 48.Be1 c4 49.Qc2 Na4 50.Bc3 Nxc3+
51.Qxc3 Nd4 52.Qxc4 Qb1+ 53.Qc1 Qa2 54.Qc4 Qb1+ 55.Qc1 Qa2 56.Qc4  1/2-1/2

[Event "XXIV Roquetas Open"]
[Site "Roquetas de Mar ESP"]
[Date "2013.01.06"]
[Round "8.1"]
[White "Granda Zuniga,J"]
[Black "Ibarra Jerez,JC"]
[Result "1/2-1/2"]
[WhiteElo "2636"]
[BlackElo "2538"]

1.g3 e5 2.c4 Nf6 3.Bg2 h6 4.Nc3 Bb4 5.e4 Nc6 6.Nge2 Bc5 7.Na4 d6 8.d3 a6
9.Nxc5 dxc5 10.Nc3 Nd4 11.h3 Qd6 12.Be3 b6 13.f4 Nd7 14.Qd2 Bb7 15.O-O-O O-O
16.Rhf1 f6 17.f5 b5 18.Bg1 Nb6 19.b3  1/2-1/2

[Event "XXIV Roquetas Open"]
[Site "Roquetas de Mar ESP"]
[Date "2013.01.06"]
[Round "9.3"]
[White "Perez Mitjans,O"]
[Black "Granda Zuniga,J"]
[Result "0-1"]
[WhiteElo "2496"]
[BlackElo "2636"]

1.e4 c5 2.Nf3 e6 3.Qe2 b6 4.g3 Ba6 5.d3 Nc6 6.Bg2 Bd6 7.O-O Nge7 8.e5 Bc7
9.b3 O-O 10.Bb2 d5 11.exd6 Qxd6 12.Nbd2 Nf5 13.Nc4 Qe7 14.Nh4 Ncd4 15.Qh5 Nxh4
16.Bxa8 Rxa8 17.Bxd4 cxd4 18.Qxh4 Qxh4 19.gxh4 Bf4 20.a4 Rc8 21.f3 g6 22.Kg2 Kg7
23.Rfe1 Bb7 24.Re2 Rc5 25.Rg1 Bc7 26.Rf2 Rh5 27.Kh3 Bd8 28.Rg4 e5 29.Nd6 Bc6
30.f4 Bd7 31.f5 Be7 32.Nc4 Rxf5 33.Rxf5 Bxf5 34.h5 Kf6 35.Kg3 Bxg4 36.Kxg4 g5
37.Nd2 Ke6 38.h3 f5+ 39.Kf3 a6 40.Nc4 b5 41.axb5 axb5 42.Nd2 Kd5 43.Kg3 Bd6
44.Kf3 h6 45.Nf1 e4+ 46.dxe4+ fxe4+ 47.Kg4 Bf4 48.h4 e3 49.Kf3 g4+ 50.Ke2 Ke4  0-1

[Event "XXIV Roquetas Open"]
[Site "Roquetas de Mar ESP"]
[Date "2013.01.06"]
[Round "9.3"]
[White "Perez Mitjans,O"]
[Black "Granda Zuniga,J"]
[Result "0-1"]
[WhiteElo "2496"]
[BlackElo "2636"]

1.e4 c5 2.Nf3 e6 3.Qe2 b6 4.g3 Ba6 5.d3 Nc6 6.Bg2 Bd6 7.O-O Nge7 8.e5 Bc7
9.b3 O-O 10.Bb2 d5 11.exd6 Qxd6 12.Nbd2 Nf5 13.Nc4 Qe7 14.Nh4 Ncd4 15.Qh5 Nxh4
16.Bxa8 Rxa8 17.Bxd4 cxd4 18.Qxh4 Qxh4 19.gxh4 Bf4 20.a4 Rc8 21.f3 g6 22.Kg2 Kg7
23.Rfe1 Bb7 24.Re2 Rc5 25.Rg1 Bc7 26.Rf2 Rh5 27.Kh3 Bd8 28.Rg4 e5 29.Nd6 Bc6
30.f4 Bd7 31.f5 Be7 32.Nc4 Rxf5 33.Rxf5 Bxf5 34.h5 Kf6 35.Kg3 Bxg4 36.Kxg4 g5
37.Nd2 Ke6 38.h3 f5+ 39.Kf3 a6 40.Nc4 b5 41.axb5 axb5 42.Nd2 Kd5 43.Kg3 Bd6
44.Kf3 h6 45.Nf1 e4+ 46.dxe4+ fxe4+ 47.Kg4 Bf4 48.h4 e3 49.Kf3 g4+ 50.Ke2 Ke5  0-1

[Event "40th La Roda Open"]
[Site "La Roda ESP"]
[Date "2013.03.27"]
[Round "1.1"]
[White "Granda Zuniga,J"]
[Black "Garcia Saez,J"]
[Result "1-0"]
[WhiteElo "2634"]
[BlackElo "1982"]

1.d4 c6 2.e4 d6 3.f4 g6 4.Nd2 Bg7 5.Ndf3 Bg4 6.h3 Bxf3 7.Nxf3 Nd7 8.Bd3 Qb6
9.c3 e6 10.Qb3 Ne7 11.Be3 O-O 12.O-O Rfd8 13.Bf2 Qxb3 14.axb3 a6 15.b4 d5
16.e5 Nb6 17.g4 Rd7 18.Bh4 Bh6 19.Ne1 Kh8 20.b3 Rg8 21.Ra2 Nec8 22.Raf2 Na7
23.Rf3 Nb5 24.Bc2 Bf8 25.Ng2 Be7 26.Bf2 Kg7 27.f5 exf5 28.gxf5 Bg5 29.Be1 Re8
30.h4 Bh6 31.h5 gxh5 32.f6+ Kh8 33.Rh3 Rg8 34.Rxh5 Be3+ 35.Kh1 Rxg2 36.Rxh7+ Kg8
37.Kxg2  1-0

[Event "40th La Roda Open"]
[Site "La Roda ESP"]
[Date "2013.03.28"]
[Round "2.1"]
[White "Saenz Narciso,M"]
[Black "Granda Zuniga,J"]
[Result "0-1"]
[WhiteElo "2179"]
[BlackElo "2634"]

1.e4 c5 2.Nf3 e6 3.d4 cxd4 4.Nxd4 a6 5.Nc3 b5 6.Be2 Bb7 7.O-O Ne7 8.e5 Ng6
9.f4 Bc5 10.Kh1 Qb6 11.Bf3 Bxd4 12.Bxb7 Qxb7 13.Qxd4 Nc6 14.Qf2 O-O 15.Ne4 Nb4
16.Qe2 Qc6 17.c3 Nd5 18.Bd2 f6 19.Rae1 fxe5 20.fxe5 Nxe5 21.Qh5 Qc4 22.Rxf8+ Rxf8
23.h3 Nd3 24.b3 Qc6 25.Rd1 Ne7 26.Ng5 h6 27.Be3 Nf5 28.Qg4 hxg5 29.Rxd3 Qe4  0-1

[Event "40th La Roda Open"]
[Site "La Roda ESP"]
[Date "2013.03.28"]
[Round "3.1"]
[White "Granda Zuniga,J"]
[Black "Monell Camarasa,D"]
[Result "1-0"]
[WhiteElo "2634"]
[BlackElo "2266"]

1.Nf3 Nf6 2.g3 b6 3.Bg2 Bb7 4.O-O e6 5.c4 c5 6.d4 cxd4 7.Qxd4 Nc6 8.Qf4 d5
9.cxd5 Nxd5 10.Qa4 Qc7 11.e4 Nf6 12.Bf4 b5 13.Qxb5 Qb6 14.Nc3 Bc5 15.Qxb6 Bxb6
16.e5 Nd7 17.Rfd1  1-0

[Event "40th La Roda Open"]
[Site "La Roda ESP"]
[Date "2013.03.29"]
[Round "4.1"]
[White "Munoz Pantoja,M"]
[Black "Granda Zuniga,J"]
[Result "0-1"]
[WhiteElo "2483"]
[BlackElo "2634"]

1.e4 c5 2.Nf3 e6 3.c4 b6 4.Nc3 Bb7 5.d4 cxd4 6.Nxd4 d6 7.g3 Ne7 8.Bg2 Nec6
9.O-O Be7 10.b3 O-O 11.Bb2 a6 12.Nc2 Nd7 13.Ne3 Qb8 14.Kh1 Ra7 15.f4 Ba8
16.a3 Rc8 17.b4 Bf8 18.Qd2 Rac7 19.Rad1 Na7 20.Rc1 b5 21.cxb5 Nxb5 22.Nxb5 Qxb5
23.Rxc7 Rxc7 24.Rc1 Rxc1+ 25.Bxc1 Nf6 26.Qc2 a5 27.Qc4 Qb6 28.b5 Nxe4 29.Bxe4 d5
30.Qc8 Bb7 31.Qb8 dxe4 32.a4 Qc5 33.Bd2 Qd4 34.Qxb7 Qxd2 35.Qxe4 g6 36.Ng4 Qd1+
37.Kg2 Qxg4 38.b6 Qf5  0-1

[Event "40th La Roda Open"]
[Site "La Roda ESP"]
[Date "2013.03.29"]
[Round "5.1"]
[White "Granda Zuniga,J"]
[Black "Lopez Martinez,Josep"]
[Result "1-0"]
[WhiteElo "2634"]
[BlackElo "2500"]

1.Nf3 d5 2.g3 Bg4 3.Bg2 Nd7 4.h3 Bh5 5.c4 e6 6.cxd5 exd5 7.d4 c6 8.Nc3 Bb4
9.O-O Ne7 10.Qb3 Qa5 11.Bd2 O-O 12.Rfe1 Bxf3 13.Bxf3 Nf5 14.e3 Nd6 15.Re2 Bxc3
16.Bxc3 Qc7 17.Bb4 a5 18.Be1 Rfe8 19.Rc1 Qb8 20.Bg2 Nf6 21.g4 Nb5 22.Qd3 a4
23.f3 Qd6 24.Bf1 Nd7 25.Kg2 Nf8 26.Bg3 Qe7 27.Qd2 Ne6 28.Ree1 Nbc7 29.Bd3 h5
30.Bb1 Nf8 31.gxh5 Nce6 32.Qd3 Qf6 33.f4 Nc7 34.Qd1 Nb5 35.Qg4 Nd6 36.f5 Nh7
37.Bf4 Kh8 38.Kh2 Ne4 39.Re2 Qe7 40.Rg1 Rg8 41.Reg2 f6 42.Bxe4 dxe4 43.h6 Ng5
44.Qh5 gxh6 45.Bxg5 fxg5 46.Qxh6+ Qh7 47.Qf6+ Qg7 48.Rxg5  1-0

[Event "40th La Roda Open"]
[Site "La Roda ESP"]
[Date "2013.03.30"]
[Round "7.2"]
[White "Granda Zuniga,J"]
[Black "Starostits,I"]
[Result "1-0"]
[WhiteElo "2634"]
[BlackElo "2470"]

1.Nf3 d5 2.g3 c5 3.Bg2 Nc6 4.O-O e5 5.d3 f6 6.e4 dxe4 7.dxe4 Qxd1 8.Rxd1 Nd4
9.Nxd4 cxd4 10.c3 Bc5 11.b4 Bb6 12.Bb2 Bg4 13.Rc1 Ne7 14.cxd4 Nc6 15.d5 Nd4
16.Nc3 h5 17.h3 Nf3+ 18.Kf1 Nd2+ 19.Ke1 Nc4 20.hxg4 Nxb2 21.Bf1 Rc8 22.Rab1 Nc4
23.Nb5 a6 24.Rxc4  1-0

[Event "40th La Roda Open"]
[Site "La Roda ESP"]
[Date "2013.03.31"]
[Round "8.1"]
[White "Burmakin,V"]
[Black "Granda Zuniga,J"]
[Result "0-1"]
[WhiteElo "2577"]
[BlackElo "2634"]

1.d4 d5 2.Nf3 Nf6 3.c4 c6 4.e3 g6 5.Nc3 Bg7 6.Be2 O-O 7.O-O b6 8.Bd2 Bb7
9.b4 Ne4 10.Rc1 Nxd2 11.Qxd2 dxc4 12.Bxc4 e6 13.Qe2 Qe7 14.Rb1 a5 15.bxa5 b5
16.Bb3 Rxa5 17.Ne4 Na6 18.Rbc1 b4 19.Nfd2 Rh5 20.f4 c5 21.g4 Rh3 22.Nxc5 Nxc5
23.Rxc5 Qh4 24.Rc7 Rg3+  0-1

[Event "40th La Roda Open"]
[Site "La Roda ESP"]
[Date "2013.03.31"]
[Round "9.1"]
[White "Granda Zuniga,J"]
[Black "Sedlak,N"]
[Result "1/2-1/2"]
[WhiteElo "2634"]
[BlackElo "2577"]

1.d4 d5 2.c4 c6 3.cxd5 cxd5 4.Nc3 Nf6 5.Bf4 Nc6 6.e3 a6 7.Bd3 Bg4 8.Nge2 e6
9.O-O Be7 10.Rc1 O-O  1/2-1/2

[Event "VIII American Continental 2013"]
[Site "Cochabamba BOL"]
[Date "2013.05.13"]
[Round "9.3"]
[White "Cubas,Jo"]
[Black "Granda Zuniga,J"]
[Result "0-1"]
[WhiteElo "2550"]
[BlackElo "2659"]

1.e4 c6 2.d4 d5 3.e5 Bf5 4.h4 h5 5.c4 e6 6.Nc3 Ne7 7.Nge2 dxc4 8.Ng3 Na6
9.Bxc4 Nb4 10.O-O Bc2 11.Qe2 Bg6 12.Nce4 Nf5 13.Nxf5 Bxf5 14.Ng3 Bg6 15.a3 Nc2
16.Bg5 Nxd4 17.Qe3 Nc2 18.Qb3 Nxa1 19.Qxb7 Qc8 20.Ba6 Bd3 21.Qxc8+ Rxc8 22.Bxd3 Nb3
23.Bc4 Nc5 24.b4 Nd7 25.Ba6 Rb8 26.Be3 Nxe5 27.b5 c5 28.Ne4 Ng4 29.Bxc5 Bxc5
30.Nxc5 Rd8 31.a4 Ke7 32.Rc1 Rd4 33.Nb3 Rxa4 34.f3 Ne5 35.Rc7+ Kf6 36.Nc5 Ra2
37.Rxa7 Rd8 38.b6 Rb2 39.b7 Rd1+ 40.Kh2 Nxf3+ 41.Kg3 Ne5 42.Ra8 Rdb1 43.Ne4+ Kg6
44.Nc5 Kf5 45.Rh8 g6 46.Rc8 Rg1 47.Kh3 Rgxg2 48.Bf1 Rgf2 49.Bd3+ Nxd3 50.Kg3 Ne5  0-1

[Event "VIII American Continental 2013"]
[Site "Cochabamba BOL"]
[Date "2013.05.14"]
[Round "10.1"]
[White "Granda Zuniga,J"]
[Black "Vasquez Schroeder,R"]
[Result "1-0"]
[WhiteElo "2659"]
[BlackElo "2554"]

1.d4 d5 2.Nf3 Nf6 3.e3 e6 4.Bd3 c5 5.b3 Nc6 6.Bb2 Be7 7.O-O O-O 8.Nbd2 b6
9.c4 cxd4 10.exd4 Bb7 11.Qe2 Rc8 12.Rac1 Rc7 13.a3 a5 14.Rfe1 Re8 15.Nf1 Bf8
16.Ng3 a4 17.b4 dxc4 18.Bxc4 Na7 19.Ne5 Nd5 20.Qd1 f6 21.Nd3 Bc6 22.Ba2 Kh8
23.Qg4 Qd7 24.Nh5 Bd6 25.Qh3 Bb7 26.Rxc7 Bxc7 27.Bb1 g6 28.Ng3 Kg8 29.Ne4 Bc6
30.Ba2 Bd8 31.Qg3 Nb5 32.h4 Be7 33.h5 g5 34.h6 Nd6 35.Nxg5 Nf5 36.Qf3 fxg5
37.Ne5 Qd6 38.Nxc6 Kf8 39.Nxe7 Rxe7 40.g4  1-0

[Event "VIII American Continental 2013"]
[Site "Cochabamba BOL"]
[Date "2013.05.15"]
[Round "11.1"]
[White "Bachmann,Ax"]
[Black "Granda Zuniga,J"]
[Result "0-1"]
[WhiteElo "2531"]
[BlackElo "2659"]

1.c4 c5 2.Nc3 Nc6 3.g3 g6 4.Bg2 Bg7 5.Nf3 e5 6.O-O Nge7 7.Ne1 O-O 8.Nc2 d6
9.d3 Be6 10.Ne3 Qd7 11.Ned5 Bh3 12.Ne4 Nxd5 13.Bxh3 Qxh3 14.cxd5 Ne7 15.Nxd6 Qd7
16.Ne4 Qxd5 17.Nc3 Qd7 18.e4 h6 19.Be3 b6 20.Qd2 Kh7 21.a3 Rad8 22.Rad1 f5
23.f3 Rf6 24.exf5 Nxf5 25.Ne4 Rf7 26.Qe2 Qb5 27.Rd2 Qb3 28.Bf2 a5 29.Qd1 a4
30.Qxb3 axb3 31.Rc1 g5 32.Rc3 Nd6 33.Rxb3 Rxf3 34.Nxd6 Rxd6 35.Kg2 g4 36.Re2 c4
37.Rb4 cxd3 38.Rd2 h5 39.h3 Bh6 40.Rd1 d2 41.hxg4 Rdf6 42.Rf4 hxg4  0-1

[Event "Granda vs Anton m"]
[Site "Madrid ESP"]
[Date "2013.06.27"]
[Round "1"]
[White "Anton Guijarro,D"]
[Black "Granda Zuniga,J"]
[Result "1/2-1/2"]
[WhiteElo "2564"]
[BlackElo "2679"]

1.d4 Nf6 2.c4 e6 3.Nc3 Bb4 4.e3 O-O 5.Bd3 d5 6.cxd5 exd5 7.Ne2 b6 8.O-O Ba6
9.Bxa6 Nxa6 10.Qa4 Qc8 11.Bd2 c5 12.dxc5 Bxc3 13.Bxc3 Nxc5 14.Qh4 Nfe4 15.Rad1 Rd8
16.f3 Nxc3 17.Nxc3 Qb7 18.e4 d4 19.Nd5 Ne6 20.f4 f6 21.f5 Ng5 22.Rxd4 Re8
23.Qg4 Re5 24.Rfd1 Rae8 25.h4 Rxe4 26.Qg3 Rxd4 27.Rxd4 Ne4 28.Qg4 h5 29.Qg6 Rc8
30.Nf4 Qe7 31.Ne6 Nc5 32.Qxh5 Nxe6 33.fxe6 Qxe6 34.Qd5 Qxd5 35.Rxd5 Rc2 36.Rb5 Kf7
37.Kh2 Ke6 38.Kh3 f5 39.a4 g6 40.b4 Rc3+ 41.Kh2 Rc4 42.a5 bxa5 43.Rxa5 Rxh4+
44.Kg3 Rxb4 45.Rxa7 g5 46.Ra8 Rb3+ 47.Kf2 f4 48.Rf8 Ke5 49.Rf7 Ke4 50.Rf8 Rb2+
51.Kf1 g4 52.Re8+ Kf5 53.Rg8 Rb6 54.Ke2 Ra6 55.Kf1 Ra5 56.Ke2 Ra1 57.Kf2 g3+
58.Ke2 Ra2+ 59.Kf1 Rf2+ 60.Kg1 Ke4 61.Ra8 Kd3 62.Ra4 Ke3 63.Ra3+ Ke4 64.Ra8 Rb2
65.Kf1 Kd3 66.Rd8+ Kc3 67.Rc8+ Kd2 68.Rd8+ Kc1 69.Rd4 Rf2+ 70.Kg1 Kc2 71.Ra4 Kd3
72.Ra3+ Ke4  1/2-1/2

[Event "Granda vs Anton m"]
[Site "Madrid ESP"]
[Date "2013.06.28"]
[Round "2"]
[White "Granda Zuniga,J"]
[Black "Anton Guijarro,D"]
[Result "1/2-1/2"]
[WhiteElo "2679"]
[BlackElo "2564"]

1.c4 Nf6 2.Nc3 g6 3.e4 d6 4.d4 Bg7 5.Be2 O-O 6.Bg5 a6 7.Nf3 Bg4 8.Qd2 Nbd7
9.O-O Rb8 10.Qe3 Kh8 11.Rfd1 Ng8 12.c5 Qe8 13.b4 f6 14.Bh4 dxc5 15.dxc5 Rd8
16.Nd5 Rc8 17.Nd4 Bxe2 18.Qxe2 e6 19.Ne3 e5 20.Nb3 Nb8 21.a4 Nc6 22.Qc4 f5
23.b5 axb5 24.axb5 Nd4 25.exf5 gxf5 26.Nxd4 exd4 27.Nf1 Qe4 28.Bg5 f4 29.Nd2 Qg6
30.Nf3 Rf5 31.Bh4 Nh6 32.c6 b6 33.Re1 Rc5 34.Qb3 Nf5 35.Bg5 d3 36.Bxf4 Bxa1
37.Rxa1 Qf6 38.Rd1 Nd4 39.Nxd4 Qxd4 40.Be3 Qd5 41.Rxd3 Qxb3 42.Rxb3 Rd5 43.g3 Kg7
44.Bf4 Kf6 45.Kg2 Ke6 46.Rb4 Rc5 47.Be3 Rc2 48.Rh4 Rb2 49.Rh5 Rb3 50.Bf4 Kf6
51.Rxh7 Rxb5 52.Bxc7 Ke6 53.h4 Kd5 54.f4 Kxc6 55.Be5 Rd5 56.h5 b5 57.Re7 Rd2+
58.Kf3 Rh2 59.g4 b4 60.f5 Rh3+ 61.Kg2 Re3 62.Bf6 Rxe7 63.Bxe7 b3 64.Bf6 Kd7
65.h6 b2 66.Bxb2 Rc2+ 67.Kg3 Rxb2 68.h7 Rb8 69.g5 Ke7 70.Kg4 Kf7 71.g6+ Kg7
72.Kg5 Rb5 73.Kg4 Rb8 74.Kg5 Rb5 75.Kg4  1/2-1/2

[Event "Granda vs Anton m"]
[Site "Madrid ESP"]
[Date "2013.06.29"]
[Round "3"]
[White "Anton Guijarro,D"]
[Black "Granda Zuniga,J"]
[Result "1-0"]
[WhiteElo "2564"]
[BlackElo "2679"]

1.d4 Nf6 2.c4 e6 3.Nc3 Bb4 4.e3 d5 5.cxd5 exd5 6.Bd3 O-O 7.Ne2 Re8 8.O-O Bf8
9.Bd2 b6 10.Rc1 c5 11.Nf4 c4 12.Bb1 Bb7 13.b3 Ba3 14.Rc2 a6 15.Bc1 Bd6 16.g4 b5
17.g5 Ne4 18.Nxe4 Rxe4 19.f3 Re8 20.Rg2 Nd7 21.Nh5 g6 22.f4 Rc8 23.f5 Rc7
24.Qf3 Kh8 25.Nf4 Nf8 26.b4 Bxb4 27.f6 Ne6 28.Nxe6 Rxe6 29.h4 Re4 30.h5 gxh5
31.Qxh5 Qg8 32.Bxe4 dxe4 33.Bd2 Bf8 34.Be1 Qg6 35.Qxg6 fxg6 36.Bg3 Rf7 37.d5 Bxd5
38.Rd2 Rd7 39.Be5  1-0

[Event "Granda vs Anton m"]
[Site "Madrid ESP"]
[Date "2013.06.30"]
[Round "4"]
[White "Granda Zuniga,J"]
[Black "Anton Guijarro,D"]
[Result "1/2-1/2"]
[WhiteElo "2679"]
[BlackElo "2564"]

1.Nf3 d5 2.g3 Nf6 3.Bg2 Bg4 4.h3 Bxf3 5.Bxf3 c6 6.d3 Nbd7 7.O-O e5 8.e4 dxe4
9.dxe4 Bc5 10.c3 a5 11.b3 O-O 12.a3 b5 13.Qc2 Nb6 14.Kg2 Qe7 15.Nd2 Rfd8
16.Be2 Qe6 17.Rd1 h6 18.Bb2 Bf8 19.Rac1 h5 20.Nf3 a4 21.b4 Rxd1 22.Rxd1 Qb3
23.Rd2 Re8 24.Bd3 Bd6 25.Bc1 Rd8 26.Rd1 Bc7 27.Nd2 Qxc2 28.Bxc2 Ne8 29.Nf1 Nc4
30.Rxd8 Bxd8 31.f4 h4 32.f5 hxg3 33.Kxg3 Bb6 34.Kf3 Ned6 35.Bd3 Kh7 36.Nd2 Nxd2+
37.Bxd2 Nc4 38.Bc1 Bd8 39.Bb1 Bh4 40.Ke2 g6 41.Kd3 Nd6 42.Ke2 gxf5 43.exf5 Bf6
44.Bd2 e4 45.Bf4 Nc4 46.Bc1 Nd6 47.c4 bxc4 48.Bc2 Nb5 49.Bxe4 Nc3+ 50.Kf3 Nxe4
51.Kxe4 Ba1 52.h4 Bf6 53.h5 Ba1 54.h6 Bf6 55.Kf3 Be7 56.Ke4 Bf6 57.Kf3 Be7
58.Ke4  1/2-1/2

[Event "Granda vs Anton m"]
[Site "Madrid ESP"]
[Date "2013.07.01"]
[Round "5"]
[White "Anton Guijarro,D"]
[Black "Granda Zuniga,J"]
[Result "1-0"]
[WhiteElo "2564"]
[BlackElo "2679"]

1.Nf3 d5 2.d4 c6 3.c4 e6 4.e3 Bd6 5.Nc3 f5 6.Qc2 Nd7 7.h3 Ne7 8.Bd2 O-O 9.Bd3 Nf6
10.O-O-O b6 11.g4 Ba6 12.cxd5 Bxd3 13.Qxd3 cxd5 14.gxf5 Nxf5 15.Kb1 b5 16.Ng5 Qe8
17.e4 dxe4 18.Ncxe4 Rd8 19.Ba5 Rd7 20.Qxb5 Nxe4 21.Nxe4 Be7 22.d5 e5 23.Bc3 Nd6
24.Qd3 Nxe4 25.Qxe4 Bd6 26.Rd2 Rf4 27.Qc2 Qh5 28.a3 Rc7 29.Ka2 Qf7 30.Ka1 Rf3
31.Kb1 h5 32.h4 Rc4 33.Qb3 Rd4 34.Rhd1 Rxh4 35.Qb5 Rhf4 36.Bb4 Bxb4 37.axb4 Rb3
38.d6 Qf5+ 39.Ka2 Rbxb4 40.Qd5+ Kh7 41.b3 Qd7 42.Qxe5 Rf5 43.Qc3 Ra5+ 44.Kb1 Rab5
45.Qc2+ Kh6 46.Rd3 a5 47.Rg3 g5 48.Rf3 Rf4 49.Rxf4 gxf4 50.Qc4 Qf5+ 51.Ka2 Rc5
52.Qd4 a4 53.Qh8+ Kg5 54.Qg7+  1-0

[Event "Granda vs Anton m"]
[Site "Madrid ESP"]
[Date "2013.07.02"]
[Round "6"]
[White "Granda Zuniga,J"]
[Black "Anton Guijarro,D"]
[Result "1-0"]
[WhiteElo "2679"]
[BlackElo "2564"]

1.c4 b6 2.Nc3 Bb7 3.e4 e5 4.d4 Nf6 5.f3 exd4 6.Qxd4 Nc6 7.Qf2 Bb4 8.Bd2 O-O
9.Nh3 Ne5 10.O-O-O a5 11.Be2 d6 12.Kb1 Nfd7 13.Nf4 Nc5 14.a3 f5 15.axb4 axb4
16.Ncd5 fxe4 17.Bxb4 c6 18.Bxc5 bxc5 19.Ne6 Qa5 20.Ne7+ Kh8 21.Nxf8 Qa1+
22.Kc2 Qa4+ 23.Kc1 Qa1+ 24.Kd2 Qxb2+ 25.Ke1 Qc3+ 26.Kf1 Rxf8 27.Rxd6 Ba6
28.Qe1 Qa3 29.Qd1 exf3 30.gxf3 Bxc4 31.Bxc4 Nxf3 32.Nf5 Nd4 33.Kg2 Nxf5 34.Rf1 g6
35.Rd3 Qb2+ 36.Kh1 Ra8 37.Qe1 Kg7 38.Rc3  1-0

[Event "33rd Benasque Open"]
[Site "Benasque ESP"]
[Date "2013.07.04"]
[Round "1.1"]
[White "Garcia Galeote,L"]
[Black "Granda Zuniga,J"]
[Result "0-1"]
[WhiteElo "1994"]
[BlackElo "2679"]

1.Nf3 d5 2.b3 Bg4 3.Bb2 Nd7 4.d4 Bxf3 5.exf3 g6 6.f4 Bg7 7.Nd2 c5 8.Nf3 Qa5+
9.Qd2 Qxd2+ 10.Kxd2 Ngf6 11.Bb5 Ne4+ 12.Ke2 cxd4 13.Nxd4 Rc8 14.Bd3 Nd6 15.Rab1 O-O
16.Nf3 Bxb2 17.Rxb2 f6 18.Nd2 b5 19.Re1 e5 20.fxe5 fxe5 21.f3 Nc5 22.Kd1 Rfe8
23.Bf1 e4 24.f4 b4 25.Nb1 Ne6 26.g3 Nd4 27.Bh3 Rc5 28.a3 a5 29.axb4 axb4
30.Ra2 Re7 31.Ra6 Nf7 32.Rb6 Nxc2 33.Re2 Nd4 34.Rb2 e3  0-1

[Event "33rd Benasque Open"]
[Site "Benasque ESP"]
[Date "2013.07.05"]
[Round "2.1"]
[White "Granda Zuniga,J"]
[Black "Herrera Reyes,J"]
[Result "1-0"]
[WhiteElo "2679"]
[BlackElo "2206"]

1.Nf3 c5 2.c4 b6 3.d4 cxd4 4.Nxd4 Bb7 5.Nc3 Nf6 6.Bg5 a6 7.f3 e6 8.e4 d6
9.Be2 Be7 10.O-O O-O 11.Qd2 Nbd7 12.Kh1 Rc8 13.Rac1 Re8 14.Rfd1 Qc7 15.Bf1 Qb8
16.b3 Bd8 17.Qf2 Ng4 18.fxg4 Bxg5 19.Rc2 Ne5 20.h3 Qa8 21.Nf3 Bf6 22.g5 Be7
23.Qxb6 Bxe4 24.Nxe4 Qxe4 25.Re2 Qf5 26.Nd4 Qxg5 27.Qxa6 Qg3 28.Qa5 Red8
29.Qe1 Qg6 30.Nb5 Nd3 31.Rxd3 Qxd3 32.Rxe6 Qxf1+ 33.Qxf1 fxe6 34.Qe2 e5 35.Nc3 Re8
36.Nd5 Bg5 37.Qg4 h6 38.h4 Bf4 39.g3 Bc1 40.Nf6+ Kf7 41.Nxe8 Rxe8 42.Qe4 Ba3
43.b4 Re7 44.Qf3+  1-0